Normal view
MARC view
- Bossert, Martin
Entry Personal Name
001 - CONTROL NUMBER
- control field: 94025
003 - CONTROL NUMBER IDENTIFIER
- control field: NUST
005 - DATE AND TIME OF LATEST TRANSACTION
- control field: 20220720115426.0
008 - FIXED-LENGTH DATA ELEMENTS
- fixed length control field: 220720|| aca||aabn | a|a d
040 ## - CATALOGING SOURCE
- Original cataloging agency: NUST
- Transcribing agency: NUST
100 ## - HEADING--PERSONAL NAME
- Personal name: Bossert, Martin
670 ## - SOURCE DATA FOUND
- Source citation: Work cat.: (NUST)190910: Bossert, Martin, Channel coding for telecommunications /, cop. 1999
